| 000 | 01006nam a22002417a 4500 | ||
|---|---|---|---|
| 008 | 171028s2007 sp||||| |||| 00| 0 spa d | ||
| 020 | _a9788493535629 | ||
| 082 | 0 | 4 |
_a728 _bS463c |
| 100 | 1 |
_aSejima, Kazuyo. _96058 |
|
| 245 | 1 | 0 |
_aCasas / _cKazuyo Sejima y Ryue Nishizawa ; Museo de Arte Contemporáneo de Castilla y León (MUSAC). |
| 250 | _a1a edición. | ||
| 260 |
_aEspaña : _bMUSAC, _c2007. |
||
| 300 |
_a187 páginas : _bilustraciones en color. |
||
| 500 | _aCatálogo publicado con motivo a la exhibición "Kazuyo Sejima + Ryue Nishizawa / SANAA, presentada del 20 de enero al 1 de mayo de 2007 en Museo de Arte Contemporáneo de Castilla y León (MUSAC). | ||
| 653 | 1 | 0 | _aArquitectura contemporánea |
| 653 | 1 | 0 | _aArte contemporáneo |
| 653 | 1 | 0 | _aDiseño arquitectónico - Casas |
| 653 | 1 | 0 | _aArquitectos |
| 653 | 1 | 0 | _aExhibiciones |
| 653 | 1 | 0 | _aCatálogo de exhibición |
| 700 | 1 |
_aNishizama, Ryue. _96059 |
|
| 710 | 1 |
_aMuseo de Arte Contemporáneo de Castilla y León (MUSAC). _96022 |
|
| 999 |
_c1334 _d1334 |
||